| Поле | Инд. | ПП | Название | Значение |
|---|---|---|---|---|
| Тип записи | a | |||
| Библиографический уровень | b | |||
| 001 | Контрольный номер | RU/IS/BASE/265310912 | ||
| 005 | Дата корректировки | 20220429105403.4 | ||
| 008 | Кодируемые данные | 20080528 | ||
| 040 | b | Код языка каталог. | rus | |
| e | Правила каталог. | PSBO | ||
| 041 | 0_ | a | Код языка текста | rus |
| 084 | a | Индекс другой классификации/Индекс ББК | 88.413-8; 88.93 | |
| 100 | 1_ | a | Автор | Карабило Е. Б. |
| q | Полное имя | Карабило Елена Борисовна | ||
| 245 | 10 | a | Заглавие | Коррекция недоразвития речи детей дошкольного возраста центра "Чайка" г. Лесной |
| 500 | a | Примечание | Начало. Продолжение в № 2, 2008 | |
| 650 | 04 | a | Основная рубрика | детская психология |
| a | Основная рубрика | возрастная психология | ||
| a | Основная рубрика | психокоррекция | ||
| a | Основная рубрика | практическая психология (прикладная психология) | ||
| a | Основная рубрика | психология | ||
| a | Основная рубрика | клиническая психология (медицинская психология) | ||
| a | Основная рубрика | специальная психология | ||
| 653 | 1_ | a | Ключевые слова | "Чайка" (логопедический центр) |
| a | Ключевые слова | дошкольники | ||
| a | Ключевые слова | коррекционно-реабилитационная работа | ||
| a | Ключевые слова | логопедия | ||
| a | Ключевые слова | логопсихология | ||
| a | Ключевые слова | младшие школьники | ||
| a | Ключевые слова | мышление | ||
| a | Ключевые слова | недоразвитие речи | ||
| a | Ключевые слова | педагогическая психология | ||
| a | Ключевые слова | психическая регуляция | ||
| a | Ключевые слова | психические процессы | ||
| a | Ключевые слова | психология развития | ||
| a | Ключевые слова | психосоциальные технологии | ||
| a | Ключевые слова | развивающие программы | ||
| a | Ключевые слова | развитие внимания | ||
| a | Ключевые слова | развитие памяти | ||
| a | Ключевые слова | развитие речи | ||
| a | Ключевые слова | реабилитационные центры | ||
| a | Ключевые слова | регионы России | ||
| a | Ключевые слова | речь | ||
| a | Ключевые слова | Россия | ||
| a | Ключевые слова | умственное развитие | ||
| 773 | 0_ | t | Заглавие источника | Вестник психосоциальной и коррекционно-реабилитационной работы |
| d | Дата издания источника | 2008 | ||
| g | Прочая информация | № 1. - С. 49 - 60 | ||
| w | Контрольный № источника | RU/IS/BASE/261237321 | ||
| 901 | t | Тип документа | b |